000 01908nam a2200445 i 4500
001 193160
003 SpMaBN
005 20250825062646.0
007 ta
008 230915s2007 sp | ||| ||spa
015 _aMON07
016 7 _abimoBNE20070339195
_2SpMaBN
017 _aM 14366-2007
_bOficina Depósito Legal Madrid
020 _a9788420464862
035 _a(OCoLC)434064650
035 _aMimo0002200181
040 _aSpMaBN
_bspa
_cSpMaBN
_erdc
_dEs-MaACL
080 _a087.5:82
100 1 _aMontero, Rosa,
_d1951-
_0XX968899
_eaut
_982503
245 1 3 _aEl viaje fantástico de Bárbara /
_cRosa Montero ; ilustraciones de Daniel Torres.
250 _aQuinta edición: marzo 2007
264 1 _a[Madrid] :
_bAlfaguara,
_c2007
300 _a112 páginas :
_bilustraciones (blanco y negro) ;
_c20 cm
336 _2rdacontent
_aTexto
337 _2rdamedia
_asin mediación
338 _2rdacarrier
_avolumen
490 1 _aAlfaguara infantil
520 _aEn esta segunda entrega de las aventuras de Bárbara, nuestros protagonistas y sus amigos vivirán innumerables peripecias para rescatar a "Canela", que se encuentra perdido en un mundo sorprendente. El trabajo en equipo permitirá que la emocionante historia que vive la pandilla tenga un final feliz.
655 7 _aLibros infantiles
_2tgfbne
_9226786
655 7 _aLibros ilustrados
_2tgfbne
_9193653
700 _aTorres, Daniel,
_d1958-
_9234221
_eill
830 _aAlfaguara infantil
_9223305
852 _aES-MaACL
_9200518
_bR.154560
_jN-9484
_cDEPOJ
_gDedicatoria autógrafa de la autora
_hDonación: Rosa Montero
_xEncuadernación rústica
903 _aMontero, Rosa,
_d1951-
_ednr
_982503
942 _n0
_cMONOGRAFIA
999 _c193160
_d193160